| 000 | 01819nam a2200325 a 4500 | ||
|---|---|---|---|
| 001 | BRCA_3230 | ||
| 005 | 20190320204157.0 | ||
| 008 | 040309s1792----enka---###---#000-0#eng-# | ||
| 041 | _aeng | ||
| 044 | _aenk | ||
| 084 |
_a531 _b.R59 _c1792 |
||
| 100 | 1 |
_aCervantes Saavedra, Miguel de _d1547-1616 _9213 |
|
| 245 | 1 | 0 |
_aThe History and Adventures of the Renowned Don Quixote _cTranslated from the Spanish of Miguel de Cervantes Saavedra to wich is Prefixed some Account of the Author´s Life by T. Smollett. |
| 250 | _a6 | ||
| 260 |
_aLondres _bF. and C. Rivington _c1792 |
||
| 300 |
_a4 v. _bil. _c18 cm. |
||
| 500 | _aContenido : v.1. Primera parte. Vida de Cervantes extractada de la escrita por Mayáns. Nota del traductor. Prólogo del autor. -- v.2. Texto. -- v.3. Segunda parte. Prólogo de Cervantes. Aprobaciones y licencia que suelen llevar las traducciones de Smollett. -- v.4. Texto | ||
| 500 | _aEdición : Illustrated with 12 new Copper-Plates Elegantly Engraved | ||
| 500 | _aReproducción de la traducción de Smollett, publicada en 1765, pero con láminas diferentes de las conocidas hasta entonces. Estas láminas, que son anónimas, demuestran que, aunque su autor era un gran dibujante, desconocía la época en que Cervantes hizo vivir a los personajes de su novela. La parte tipográfica es bastante buena Lúdovik Osterc | ||
| 500 | _aQM423 | ||
| 546 | _aTexto en : inglés | ||
| 650 | 1 | 4 |
_aNovela española _yÉpoca clásica, 1500-1700 _9215 |
| 650 | 1 | 4 |
_aLiteratura española _yÉpoca clásica, 1500-1700 _9216 |
| 650 | 1 | 4 |
_aNovela española _ySiglo XVII _9217 |
| 650 | 1 | 4 |
_aDon Quijote (Personaje ficticio) _eNovela _9218 |
| 700 | 1 |
_aSmollett, Tobias George _d1721-1771 _eTraductor _98620 |
|
| 740 | 0 | _aEl Ingenioso Hidalgo Don Quijote de la Mancha | |
| 902 | _aQFM | ||
| 942 |
_2lcc _cB |
||
| 999 |
_c2966 _d2966 |
||